[Event "2012(Zaozhuang-China) Asian Nations Chess Cup"]
[Site "ZaoZhuang, China"]
[Date "2012.05.20"]
[Round "4"]
[Board "4"]
[White "Hejazipour, Mitra"]
[Black "Huang, Qian"]
[Result "1/2-1/2"]
[WhiteElo "2223"]
[BlackElo "2417"]
[PlyCount "0"]
[EventDate "2012.05.17"]
[EventType "team"]
[EventRounds "9"]
[EventCountry "CHN"]
[WhiteTeam "Iran"]
[BlackTeam "China 1"]

1. d4 d6 2. g3 e5 3. dxe5 dxe5 4. Qxd8+ Kxd8 5. Nc3 c6 6. Bg5+ Kc7 7. O-O-O Be7
8. h4 Nf6 9. f3 h6 10. Be3 Na6 11. Bh3 Bc5 12. Rd3 Re8 13. Bxc8 Raxc8 14. Nh3
Bxe3+ 15. Rxe3 Nd5 16. Nxd5+ cxd5 17. c3 Nc5 18. Rd1 Rcd8 19. Nf2 f6 20. h5 a5
21. Nd3 Ne6 22. Ne1 b6 23. Nc2 Nc5 24. b4 Ne6 25. Red3 axb4 26. Nxb4 d4 27.
cxd4 Rxd4 28. Nc2 Rxd3 29. Rxd3 Ra8 30. a3 Ra5 31. Rc3+ Kd7 32. Rd3+ Kc7 33.
Rc3+ Kb7 34. Rc4 Rd5 35. Rg4 Rd7 36. Rc4 Nc5 37. Rg4 b5 38. Kb2 Kb6 39. Kc3 Rc7
40. Ne3 Ne6+ 41. Kb4 Ra7 42. Nd5+ Kc6 43. Nc3 Nd4 44. f4 exf4 45. Rxf4 Nc2+ 46.
Kb3 Nxa3 47. Rf5 Ra8 48. e4 Nc4 49. Rxb5 Nd6 50. Rb4 Ra5 51. Nd5 Rb5 52. Kc3
Nxe4+ 53. Rxe4 Rxd5 54. g4 Kd6 55. Kc4 Re5 56. Rf4 Ke6 57. Kd4 Kf7 58. Kd3 g6
59. hxg6+ Kxg6 60. Re4 Kg5 61. Ra4 Re1 62. Kd2 Rg1 63. Ke3 Rg3+ 64. Kf2 Rxg4
65. Ra8 Rb4 66. Rg8+ Kf5 67. Rh8 Kg6 68. Rg8+ Kf7 69. Rg1 h5 70. Kf3 Ke6 71.
Rh1 h4 72. Ra1 Rb3+ 73. Kf4 Rb4+ 74. Kf3 Kf5 75. Ra5+ Kg6 76. Ra8 Kg5 77. Rg8+
Kf5 78. Ra8 Rb3+ 79. Kf2 h3 80. Ra4 h2 81. Kg2 Rb2+ 82. Kh1 Rb8 83. Kxh2 Rg8
84. Ra5+ Ke4 85. Ra4+ Kd5 86. Ra5+ Kd4 87. Ra4+ Kc5 88. Ra5+ Kb4 89. Rf5 Rg6
90. Kh3 Kc4 91. Kh4 Rh6+ 92. Kg4 Kd4 93. Kf4 Rg6 1/2-1/2

[Event "2012(Zaozhuang-China) Asian Nations Chess Cup"]
[Site "ZaoZhuang, China"]
[Date "2012.05.20"]
[Round "4"]
[Board "1"]
[White "Khegay, Anjela"]
[Black "Irine, Kharisma Sukandar"]
[Result "0-1"]
[WhiteElo "2184"]
[BlackElo "2288"]
[PlyCount "0"]
[EventDate "2012.05.17"]
[EventType "team"]
[EventRounds "9"]
[EventCountry "CHN"]
[WhiteTeam "Singapore"]
[BlackTeam "Indonesia"]

1. d4 Nf6 2. Nf3 e6 3. c4 b6 4. g3 Bb4+ 5. Bd2 Bxd2+ 6. Qxd2 Ba6 7. b3 c6 8.
Nc3 d5 9. Ne5 Nfd7 10. Bg2 Nxe5 11. dxe5 Nd7 12. f4 O-O 13. O-O Rc8 14. Rfd1
Qe7 15. e4 Rfd8 16. Qe3 dxc4 17. Bf1 Qa3 18. bxc4 Nc5 19. Rd6 Rxd6 20. exd6
Nxe4 21. Qxe4 Qxc3 22. Rd1 Bb7 23. f5 e5 24. f6 gxf6 25. Rd3 Qc1 26. Qg4+ Qg5
27. Qd7 Ba6 28. Qe7 e4 29. Qxe4 Qc5+ 30. Kg2 Qxc4 31. Qe7 Qe6 32. Rd2 Bxf1+ 33.
Kxf1 Re8 34. Re2 Qxe7 35. Rxe7 Rd8 36. Rxa7 Rxd6 37. Ke2 Kg7 38. a4 c5 39. Rc7
Kg6 40. Ke3 h5 41. Rc8 Rd4 42. a5 bxa5 43. Rxc5 Ra4 44. Kf3 Ra1 45. Rb5 a4 46.
Ra5 a3 47. Kg2 h4 48. g4 a2 49. Kh3 f5 50. gxf5+ Kg5 51. Ra7 Rb1 52. Rxa2 Rb3+
53. Kg2 Kxf5 54. Rf2+ Kg6 55. Rf4 h3+ 56. Kf2 f5 57. Rf3 Rxf3+ 58. Kxf3 Kf6 59.
Kg3 Ke5 60. Kxh3 Kf4 61. Kg2 Ke3 62. Kf1 Kf3 63. Ke1 Kg2 0-1

[Event "2012(Zaozhuang-China) Asian Nations Chess Cup"]
[Site "ZaoZhuang, China"]
[Date "2012.05.20"]
[Round "4"]
[Board "2"]
[White "Medina, Warda Aulia"]
[Black "Liu, Yang Hazel"]
[Result "1-0"]
[WhiteElo "2172"]
[BlackElo "2096"]
[PlyCount "0"]
[EventDate "2012.05.17"]
[EventType "team"]
[EventRounds "9"]
[EventCountry "CHN"]
[WhiteTeam "Indonesia"]
[BlackTeam "Singapore"]

1. e4 c5 2. Nf3 Nc6 3. d4 cxd4 4. Nxd4 Nf6 5. Nc3 e5 6. Ndb5 d6 7. Bg5 a6 8.
Na3 b5 9. Nd5 Be7 10. Nxe7 Nxe7 11. f3 O-O 12. c4 bxc4 13. Nxc4 d5 14. Bxf6
gxf6 15. Nd2 f5 16. Be2 Rb8 17. b3 Qb6 18. exd5 Nxd5 19. Nc4 Qb4+ 20. Qd2 Nf4
21. Qxb4 Rxb4 22. g3 Nxe2 23. Kxe2 e4 24. Rhd1 Bb7 25. fxe4 fxe4 26. Ke3 Rc8
27. Rd6 Rc5 28. Rf1 Rd5 29. Rd1 Rf5 30. Ke2 a5 31. Rf1 Rxf1 32. Kxf1 a4 33. Rb6
Rxb6 34. Nxb6 axb3 35. axb3 Kg7 36. Kf2 Kf6 37. b4 Ke5 38. Ke3 Bc6 39. Nc4+ Kd5
40. Nd2 Ke5 41. Nb3 f5 42. Nd4 Bd7 43. b5 Bc8 44. b6 Kd6 45. h4 Bd7 46. Kf4 Bc8
47. b7 Bxb7 48. Nxf5+ Kd5 49. g4 Ba6 50. h5 Bd3 51. g5 Ke6 52. g6 hxg6 53. h6
g5+ 54. Ke3 1-0

[Event "2012(Zaozhuang-China) Asian Nations Chess Cup"]
[Site "ZaoZhuang, China"]
[Date "2012.05.20"]
[Round "4"]
[Board "3"]
[White "Tay, Li Jin Jeslin"]
[Black "Chelsie, Monica Sihite"]
[Result "0-1"]
[WhiteElo "2080"]
[BlackElo "2181"]
[PlyCount "0"]
[EventDate "2012.05.17"]
[EventType "team"]
[EventRounds "9"]
[EventCountry "CHN"]
[WhiteTeam "Singapore"]
[BlackTeam "Indonesia"]

1. d4 Nf6 2. c4 e6 3. Nf3 Be7 4. Nc3 d5 5. Bg5 a6 6. e3 h6 7. Bh4 Nbd7 8. Qc2
dxc4 9. Bxc4 b5 10. Bd3 Bb7 11. O-O c5 12. Bxf6 gxf6 13. Be4 Bxe4 14. Nxe4 cxd4
15. Nxd4 Rc8 16. Qe2 Qb6 17. Rfd1 f5 18. Ng3 Nf6 19. e4 Rc4 20. e5 Ng4 21.
Ngxf5 exf5 22. Nxf5 Qxf2+ 23. Qxf2 Nxf2 24. Nd6+ Bxd6 25. Rxd6 Ne4 26. Rxa6 O-O
27. Rxh6 Re8 28. Rh5 Rc5 29. h3 Rcxe5 30. Rh4 f5 31. Kh2 Kg7 32. Rd1 Nf6 33.
Rf4 Kg6 34. Rd3 Re3 35. Rd6 R8e6 36. Rd8 Re2 37. Rb4 Rc2 38. Rd3 Nh5 39. Rxb5
Ree2 40. Rd6+ Kh7 41. Rd7+ Ng7 42. Rxf5 Rxg2+ 43. Kh1 Rh2+ 44. Kg1 Rcg2+ 45.
Kf1 Rxb2 46. Kg1 Rbg2+ 47. Kf1 Rxa2 48. Kg1 Kg6 49. Rf3 Nf5 50. Rdd3 Rhc2 51.
h4 Nxh4 52. Rg3+ Kf5 53. Kh1 Kf4 54. Rb3 Ra1+ 0-1

[Event "2012(Zaozhuang-China) Asian Nations Chess Cup"]
[Site "ZaoZhuang, China"]
[Date "2012.05.20"]
[Round "4"]
[Board "4"]
[White "Dewi, A.A Citra"]
[Black "Chan, Wei Yi Victoria"]
[Result "1-0"]
[WhiteElo "2112"]
[BlackElo "1947"]
[PlyCount "0"]
[EventDate "2012.05.17"]
[EventType "team"]
[EventRounds "9"]
[EventCountry "CHN"]
[WhiteTeam "Indonesia"]
[BlackTeam "Singapore"]

1. e4 c5 2. Nf3 Nc6 3. d4 cxd4 4. Nxd4 Nf6 5. Nc3 d6 6. Bg5 e6 7. Qd2 Be7 8.
O-O-O O-O 9. f4 Nxd4 10. Qxd4 Qa5 11. e5 dxe5 12. Qxe5 Qxe5 13. fxe5 Nd5 14.
Bxe7 Nxe7 15. Bd3 a6 16. Be4 Rb8 17. Rd6 b5 18. b4 Ng6 19. Bxg6 hxg6 20. Rhd1
Bb7 21. g3 Rbc8 22. Kb2 Rc7 23. a4 bxa4 24. Nxa4 Bf3 25. R1d4 Be2 26. Kb3 Rfc8
27. Rd8+ Rxd8 28. Rxd8+ Kh7 29. Nc5 a5 30. Rd7 Rxd7 31. Nxd7 axb4 32. Kxb4 g5
33. Kc5 Kg6 34. c4 Kf5 35. Kd4 Bf3 36. h3 Bg2 37. c5 f6 38. Ke3 Bd5 39. g4+ Kg6
40. Nb6 Bb7 41. Nc4 f5 42. Na5 f4+ 43. Kf2 Ba6 44. Nc6 Kf7 45. Nd4 Ke7 46. Nf3
Kd7 47. Nxg5 Bb7 48. h4 Bd5 49. Nh3 f3 50. Nf4 Be4 51. h5 Ke7 52. Nh3 Bd5 53.
Ng5 Kd7 54. Nxf3 Kc6 55. g5 Be4 56. Ke3 Bb1 57. h6 gxh6 58. gxh6 Kxc5 59. Ng5
Kd5 60. Kf4 Bc2 61. h7 Bxh7 62. Nxh7 Kd4 63. Nf6 Kc5 64. Ng4 Kd4 65. Kg5 Ke4
66. Kf6 Kd5 67. Ne3+ 1-0

[Event "2012(Zaozhuang-China) Asian Nations Chess Cup"]
[Site "ZaoZhuang, China"]
[Date "2012.05.20"]
[Round "4"]
[Board "1"]
[White "Harika, Dronavalli"]
[Black "Munguntuul, Batkhuyag"]
[Result "1/2-1/2"]
[WhiteElo "2508"]
[BlackElo "2451"]
[PlyCount "0"]
[EventDate "2012.05.17"]
[EventType "team"]
[EventRounds "9"]
[EventCountry "CHN"]
[WhiteTeam "India"]
[BlackTeam "Mongolia"]

1. Nf3 d5 2. c4 c6 3. e3 Nf6 4. Nc3 Bf5 5. Qb3 Qb6 6. cxd5 Qxb3 7. axb3 Nxd5 8.
Nxd5 cxd5 9. Nd4 Bd7 10. Nb5 Bxb5 11. Bxb5+ Nc6 12. d4 e6 13. Bd2 Kd7 14. Ke2
Bd6 15. Rhc1 a6 16. Bxc6+ bxc6 17. Ra4 Rhb8 18. b4 Rb6 19. Rca1 Kc8 20. Bc3 Kb7
21. h3 h5 22. Kd3 Re8 23. f3 f5 24. h4 Rg8 25. f4 Be7 26. g3 Rb8 27. R1a2 Rg8
28. Ra1 Rb8 29. R1a2 Rg8 1/2-1/2

[Event "2012(Zaozhuang-China) Asian Nations Chess Cup"]
[Site "ZaoZhuang, China"]
[Date "2012.05.20"]
[Round "4"]
[Board "2"]
[White "Batchimeg, Tuvshintugs"]
[Black "Tania, Sachdev"]
[Result "0-1"]
[WhiteElo "2363"]
[BlackElo "2417"]
[PlyCount "0"]
[EventDate "2012.05.17"]
[EventType "team"]
[EventRounds "9"]
[EventCountry "CHN"]
[WhiteTeam "Mongolia"]
[BlackTeam "India"]

1. d4 Nf6 2. c4 e6 3. Nf3 b6 4. a3 Bb7 5. Nc3 d5 6. Qc2 Be7 7. cxd5 Nxd5 8. Bd2
O-O 9. e4 Nxc3 10. Bxc3 c5 11. Rd1 cxd4 12. Nxd4 Qc7 13. Be2 Nd7 14. O-O Nf6
15. Bf3 Rfd8 16. Rfe1 Rac8 17. Qb3 h6 18. Nb5 Qb8 19. Bb4 Bxb4 20. Qxb4 a5 21.
Rxd8+ Rxd8 22. Qb3 Nd7 23. Nc3 Bc6 24. Be2 Nc5 25. Qc2 Qf4 26. g3 Bxe4 27. Nxe4
Qxe4 28. Qxe4 Nxe4 29. f3 Nf6 30. b3 Rd2 31. Kf2 Rc2 32. Rd1 Nd5 33. Ke1 Rxe2+
34. Kxe2 Nc3+ 35. Kd2 Nxd1 0-1

[Event "2012(Zaozhuang-China) Asian Nations Chess Cup"]
[Site "ZaoZhuang, China"]
[Date "2012.05.20"]
[Round "4"]
[Board "3"]
[White "Gomes, Mary Ann"]
[Black "Lkhamsuren, Uuganbayar"]
[Result "1-0"]
[WhiteElo "2378"]
[BlackElo "2139"]
[PlyCount "0"]
[EventDate "2012.05.17"]
[EventType "team"]
[EventRounds "9"]
[EventCountry "CHN"]
[WhiteTeam "India"]
[BlackTeam "Mongolia"]

1. c4 e6 2. Nf3 Nf6 3. g3 d5 4. b3 Be7 5. Bg2 O-O 6. O-O d4 7. Bb2 Nc6 8. d3 e5
9. Na3 a5 10. Nc2 h6 11. a3 Re8 12. Qd2 Bf5 13. b4 Bf8 14. b5 Nb8 15. Nh4 Bc8
16. e3 dxe3 17. fxe3 c5 18. Kh1 Qc7 19. d4 cxd4 20. exd4 Qxc4 21. dxe5 Qxb5 22.
Ne3 Nh7 23. Nd5 Na6 24. a4 Qd7 25. Rad1 Rb8 26. Qf2 Bc5 27. Qf4 Qe6 28. Bh3 g5
29. Qf3 f5 30. Bxf5 1-0

[Event "2012(Zaozhuang-China) Asian Nations Chess Cup"]
[Site "ZaoZhuang, China"]
[Date "2012.05.20"]
[Round "4"]
[Board "4"]
[White "Saikhanzaya, Ganbaatar"]
[Black "Padmini, Rout"]
[Result "1-0"]
[WhiteElo "1868"]
[BlackElo "2345"]
[PlyCount "0"]
[EventDate "2012.05.17"]
[EventType "team"]
[EventRounds "9"]
[EventCountry "CHN"]
[WhiteTeam "Mongolia"]
[BlackTeam "India"]

1. d4 Nf6 2. c4 g6 3. Nc3 d5 4. Bg5 Ne4 5. Bh4 Nxc3 6. bxc3 dxc4 7. e3 Be6 8.
Nf3 Bg7 9. Qb1 b6 10. Ng5 Bd5 11. e4 Bb7 12. Bxc4 O-O 13. O-O Nc6 14. Qc2 Na5
15. Be2 h6 16. Nf3 Qc8 17. e5 c5 18. Qd3 cxd4 19. cxd4 Qe6 20. Rfd1 Rfd8 21.
Rac1 g5 22. Bg3 Qxa2 23. h4 g4 24. Nh2 Qd5 25. f3 Nc6 26. Qe3 Na5 27. Nxg4 Qe6
28. Bf4 h5 29. Nh6+ Kf8 30. Bd3 Rxd4 31. Qxd4 Bxh6 32. Bxh6+ Qxh6 33. Rc7 Bc6
34. Be4 Re8 35. e6 Bxe4 36. exf7 Kxf7 37. fxe4 Qe6 38. Rf1+ Kg6 39. Rf5 Rg8 40.
Re5 Qb3 41. Rcxe7 1-0

[Event "2012(Zaozhuang-China) Asian Nations Chess Cup"]
[Site "ZaoZhuang, China"]
[Date "2012.05.20"]
[Round "4"]
[Board "1"]
[White "Zhai, Mo"]
[Black "Pham, Le Thao Nguyen"]
[Result "0-1"]
[WhiteElo "2248"]
[BlackElo "2390"]
[PlyCount "0"]
[EventDate "2012.05.17"]
[EventType "team"]
[EventRounds "9"]
[EventCountry "CHN"]
[WhiteTeam "China 3"]
[BlackTeam "Vietnam"]

1. e4 c5 2. Nf3 e6 3. d4 cxd4 4. Nxd4 a6 5. Bd3 Bc5 6. Nb3 Be7 7. Be3 Nc6 8. a4
Nf6 9. O-O O-O 10. a5 d6 11. N1d2 e5 12. Nc4 Be6 13. Nb6 Rb8 14. c4 Ng4 15. Bd2
Bg5 16. h3 Bxd2 17. Qxd2 Nf6 18. Rfd1 Nd7 19. Nd5 Nc5 20. Nc1 Nd4 21. Ra3 Bxh3
22. b4 Nxd3 23. Rxd3 Be6 24. Nb6 Qh4 25. Ne2 Nc6 26. f3 f5 27. Rxd6 fxe4 28.
Rf1 exf3 29. gxf3 Rf6 30. Rf2 Rbf8 31. Qe3 Rh6 32. Kf1 Bh3+ 0-1

[Event "2012(Zaozhuang-China) Asian Nations Chess Cup"]
[Site "ZaoZhuang, China"]
[Date "2012.05.20"]
[Round "4"]
[Board "2"]
[White "Nguyen, Thi Thanh An"]
[Black "Ren, Xiaoyi"]
[Result "0-1"]
[WhiteElo "2301"]
[BlackElo "2202"]
[PlyCount "0"]
[EventDate "2012.05.17"]
[EventType "team"]
[EventRounds "9"]
[EventCountry "CHN"]
[WhiteTeam "Vietnam"]
[BlackTeam "China 3"]

1. d4 Nf6 2. c4 g6 3. Nc3 Bg7 4. e4 d6 5. Be2 O-O 6. Nf3 e5 7. O-O Nbd7 8. Re1
c6 9. Rb1 a6 10. d5 c5 11. a3 h6 12. b4 b6 13. Nd2 Ne8 14. Nb3 f5 15. Bd2 Rf7
16. bxc5 Nxc5 17. Nxc5 bxc5 18. Na4 Nf6 19. Nb6 Rb8 20. Nxc8 Rxb1 21. Qxb1 Nxe4
22. Nxd6 Nxd6 23. Qc2 e4 24. Rb1 Kh7 25. Qa4 f4 26. Bg4 Qg5 27. Be6 e3 28. Be1
f3 29. g3 exf2+ 30. Bxf2 Rb7 31. Rf1 Rb2 32. Qd7 Nxc4 33. Qf7 h5 34. Bxc5 Qd2
35. Bf2 Ne3 36. Qxf3 Nxf1 37. Kxf1 Qc1+ 38. Kg2 Rb1 39. Qf7 Qf1+ 40. Kf3 Rb3+
0-1

[Event "2012(Zaozhuang-China) Asian Nations Chess Cup"]
[Site "ZaoZhuang, China"]
[Date "2012.05.20"]
[Round "4"]
[Board "3"]
[White "Lei, Tingjie"]
[Black "Pham, Bich Ngoc"]
[Result "1-0"]
[WhiteElo "2154"]
[BlackElo "2176"]
[PlyCount "0"]
[EventDate "2012.05.17"]
[EventType "team"]
[EventRounds "9"]
[EventCountry "CHN"]
[WhiteTeam "China 3"]
[BlackTeam "Vietnam"]

1. Nf3 Nf6 2. c4 c5 3. Nc3 e6 4. e4 Nc6 5. Be2 b6 6. O-O Bb7 7. d4 cxd4 8. Nxd4
Nxd4 9. Qxd4 Bc5 10. Qd3 Qc7 11. Kh1 O-O 12. Bg5 Be7 13. f4 d6 14. Rad1 h6 15.
Bh4 Rac8 16. Bxf6 Bxf6 17. Nb5 Qb8 18. Nxd6 Rcd8 19. e5 Be7 20. f5 exf5 21.
Rxf5 Rd7 22. Rf4 Rfd8 23. Rxf7 Rxd6 24. exd6 Rxd6 25. Rxe7 Rxd3 26. Rxd3 Bc6
27. Rg3 g5 28. Rge3 Qf4 29. Kg1 Qd4 30. b3 Qa1+ 31. Bf1 Qxa2 32. Rd3 Kf8 33.
Rc7 Be8 34. Rf3+ Kg8 35. Rc8 Qa1 36. Rxe8+ Kg7 37. Rd3 a5 38. Re6 a4 39. Rxb6
Qe5 40. Rd7+ Kf8 41. Ra6 Qe3+ 42. Kh1 Qe8 43. Rda7 Qe3 44. Rb7 Qe8 45. Rxa4 g4
46. c5 g3 47. c6 1-0

[Event "2012(Zaozhuang-China) Asian Nations Chess Cup"]
[Site "ZaoZhuang, China"]
[Date "2012.05.20"]
[Round "4"]
[Board "4"]
[White "Nguyen, Thi Mai Hung"]
[Black "Li, Xueyi"]
[Result "1-0"]
[WhiteElo "2237"]
[BlackElo "2082"]
[PlyCount "0"]
[EventDate "2012.05.17"]
[EventType "team"]
[EventRounds "9"]
[EventCountry "CHN"]
[WhiteTeam "Vietnam"]
[BlackTeam "China 3"]

1. d4 Nf6 2. Bf4 e6 3. e3 b6 4. Nf3 Bb7 5. h3 c5 6. Bd3 d5 7. Bxb8 Rxb8 8. Bb5+
Ke7 9. Ne5 g6 10. c3 Bg7 11. Nd2 Qc7 12. Qf3 a6 13. Be2 Rhf8 14. Qg3 Rfc8 15.
f4 Kf8 16. Qh4 Qe7 17. Ndf3 h6 18. O-O cxd4 19. exd4 Nh5 20. Qg4 Nf6 21. Qg3
Ne4 22. Qe1 Kg8 23. Bd3 b5 24. a3 Ba8 25. Nd2 Nd6 26. Qe2 Nc4 27. Nb3 a5 28.
Nc5 b4 29. axb4 axb4 30. Na6 Rb6 31. Nxb4 Nd6 32. Ra4 Bb7 33. Rfa1 Nf5 34. Qf2
Nd6 35. R4a2 Nc4 36. Bc2 Qc7 37. Nbd3 Rb8 38. Bd1 Bc8 39. Ra7 R6b7 40. Rxb7
Rxb7 41. Qe2 Nxb2 42. Nxb2 Qxc3 43. Ra8 Kh7 44. Nbd3 Qxd4+ 45. Kh2 Rc7 46. Nf3
Qb6 47. Nde5 Qb7 48. Ra2 Qb4 49. Qd2 Qd6 50. Bc2 Bb7 51. Bb1 Kg8 52. Rc2 g5 53.
Rxc7 Qxc7 54. Nd3 Ba6 55. g3 Bxd3 56. Bxd3 gxf4 57. gxf4 Qb8 58. Kg3 e5 59.
fxe5 Bxe5+ 60. Kg2 Bg7 61. Bc2 Qb7 62. Qd3 Qb2 63. Qf5 Qc3 64. h4 Qc4 65. Bd3
Qa2+ 66. Kg3 Qa8 67. h5 Qb8+ 68. Kg2 d4 69. Bc4 Qc7 70. Bd5 Qe7 71. Qc8+ Qf8
72. Qd7 Bf6 73. Bc4 Qe7 74. Qc8+ Qf8 75. Qf5 Bg7 76. Nd2 Qe7 77. Ne4 Qc7 78.
Nd6 Kf8 79. Nxf7 Qb7+ 80. Kg1 1-0

[Event "2012(Zaozhuang-China) Asian Nations Chess Cup"]
[Site "ZaoZhuang, China"]
[Date "2012.05.20"]
[Round "4"]
[Board "1"]
[White "Tan, Zhongyi"]
[Black "Khasanova, Flyura"]
[Result "1-0"]
[WhiteElo "2430"]
[BlackElo "2318"]
[PlyCount "0"]
[EventDate "2012.05.17"]
[EventType "team"]
[EventRounds "9"]
[EventCountry "CHN"]
[WhiteTeam "China 2"]
[BlackTeam "Kazakhstan"]

1. d4 Nf6 2. Nf3 g6 3. c4 c5 4. Nc3 Nc6 5. g3 cxd4 6. Nxd4 d6 7. Bg2 Bd7 8. Rb1
a5 9. b3 Bg7 10. Nc2 O-O 11. O-O Bf5 12. e4 Bg4 13. f3 Be6 14. a4 Nd7 15. Nd5
Nc5 16. Be3 f5 17. Nf4 Bc8 18. Bxc5 dxc5 19. Qd5+ Qxd5 20. exd5 Nd4 21. Nxd4
Bxd4+ 22. Kh1 Ra6 23. Rfe1 Kf7 24. Nd3 e6 25. f4 exd5 26. cxd5 Re8 27. Ne5+ Kf8
28. Bf3 Bc3 29. Re2 Rb6 30. Kg2 Rb4 31. Nd3 Rxe2+ 32. Bxe2 Rd4 33. Rc1 Bb4 34.
Nxb4 Rxb4 35. Rxc5 Bd7 36. Bc4 b6 37. Rc7 Ke8 38. d6 h6 39. h4 Kd8 40. Kf2 Ke8
41. Ra7 Bc6 42. Rg7 Rxc4 43. bxc4 Bxa4 44. Ke3 Bb3 45. Kd4 a4 46. Ra7 Kd8 47.
c5 bxc5+ 48. Kxc5 Bd1 49. d7 Ke7 50. Kc6 1-0

[Event "2012(Zaozhuang-China) Asian Nations Chess Cup"]
[Site "ZaoZhuang, China"]
[Date "2012.05.20"]
[Round "4"]
[Board "2"]
[White "Dauletova, Gulmira"]
[Black "Zhang, Xiaowen"]
[Result "0-1"]
[WhiteElo "2278"]
[BlackElo "2385"]
[PlyCount "0"]
[EventDate "2012.05.17"]
[EventType "team"]
[EventRounds "9"]
[EventCountry "CHN"]
[WhiteTeam "Kazakhstan"]
[BlackTeam "China 2"]

1. e4 e6 2. d4 d5 3. Nc3 Nf6 4. e5 Nfd7 5. f4 c5 6. Nf3 Nc6 7. Be3 a6 8. Qd2 b5
9. Nd1 Be7 10. Be2 O-O 11. O-O f5 12. c3 Qb6 13. dxc5 Bxc5 14. b4 Bxe3+ 15.
Qxe3 Qxe3+ 16. Nxe3 Nb6 17. Nd4 Bd7 18. Rfc1 Rac8 19. Kf2 Na4 20. Nb3 Rc7 21.
Ke1 g5 22. g3 gxf4 23. gxf4 Ne7 24. Kd2 Ng6 25. Ng2 Rfc8 26. Bd3 Kf7 27. Rc2
Rg8 28. Bf1 Ke7 29. Rac1 Be8 30. Ke3 Nf8 31. Ne1 Bh5 32. Nd3 Nd7 33. Nb2 Ndb6
34. Nxa4 Nxa4 35. Bd3 Rgc8 36. Kd4 Bf3 37. Rg1 Kf7 38. Rg3 Be4 39. Bxe4 dxe4
40. Nd2 Rd8+ 41. Ke3 Nxc3 42. Nxe4 Nd1+ 0-1

[Event "2012(Zaozhuang-China) Asian Nations Chess Cup"]
[Site "ZaoZhuang, China"]
[Date "2012.05.20"]
[Round "4"]
[Board "3"]
[White "Wang, Jue"]
[Black "Saduakassova, Dinara"]
[Result "1-0"]
[WhiteElo "2364"]
[BlackElo "2219"]
[PlyCount "0"]
[EventDate "2012.05.17"]
[EventType "team"]
[EventRounds "9"]
[EventCountry "CHN"]
[WhiteTeam "China 2"]
[BlackTeam "Kazakhstan"]

1. e4 c5 2. Nf3 d6 3. d4 cxd4 4. Nxd4 Nf6 5. Nc3 a6 6. Be3 e6 7. g4 e5 8. Nf5
Nc6 9. Bg5 h6 10. Bh4 Be6 11. Bg2 g6 12. Nd5 Bxd5 13. exd5 Nb8 14. Ne3 Be7 15.
Bg3 Nbd7 16. Qd2 h5 17. h3 Nc5 18. f3 Qb6 19. Nc4 Qb5 20. Bf1 Kf8 21. O-O-O Qe8
22. g5 Nfd7 23. h4 b5 24. Na5 Kg8 25. Bh3 Bf8 26. Rhe1 f5 27. gxf6 Bh6 28. f4
Nxf6 29. Qg2 Qf8 30. Kb1 exf4 31. Bf2 Bg7 32. Qxg6 Rh6 33. Qg2 Kh8 34. Nc6 Nfe4
35. Rxe4 f3 36. Qxg7+ Qxg7 37. Re7 Qxe7 38. Nxe7 Kh7 39. Bd4 1-0

[Event "2012(Zaozhuang-China) Asian Nations Chess Cup"]
[Site "ZaoZhuang, China"]
[Date "2012.05.20"]
[Round "4"]
[Board "4"]
[White "Ankudinova, Yelena"]
[Black "Guo, Qi"]
[Result "0-1"]
[WhiteElo "2137"]
[BlackElo "2360"]
[PlyCount "0"]
[EventDate "2012.05.17"]
[EventType "team"]
[EventRounds "9"]
[EventCountry "CHN"]
[WhiteTeam "Kazakhstan"]
[BlackTeam "China 2"]

1. c4 e6 2. Nf3 d5 3. g3 dxc4 4. Qa4+ Nd7 5. Qxc4 a6 6. Bg2 b5 7. Qc2 Bb7 8.
O-O c5 9. a4 Ngf6 10. d3 Be7 11. Nc3 Bc6 12. Ne1 Bxg2 13. Nxg2 Rb8 14. axb5
axb5 15. Bf4 Rb7 16. Ra6 O-O 17. e4 Ng4 18. Rfa1 Nge5 19. Ne1 Qc8 20. Bxe5 Nxe5
21. Qe2 Nc6 22. Rc1 Rb8 23. Ra2 Rd8 24. Kg2 h6 25. h4 Qb7 26. Nb1 Ra8 27. Rxa8
Rxa8 28. Na3 Rd8 29. Kg1 Qa6 30. Nf3 Qa4 31. e5 Nb4 32. Ne1 Nd5 33. Kf1 Nb6 34.
Kg1 c4 35. Nb1 Bc5 36. Nc3 Qb3 37. dxc4 Nxc4 38. Qc2 Qxb2 39. Qxb2 Nxb2 40.
Nxb5 Rd5 41. Nc7 Rxe5 42. Nf3 Rf5 43. Kg2 Nd3 44. g4 Rxf3 45. Rxc5 Rxf2+ 46.
Kg3 Re2 47. Ra5 Re3+ 48. Kg2 Re4 49. Kf3 Rc4 50. Ne8 Rc8 51. Nd6 Rd8 52. Ne4
Kh7 53. Ke3 Nb4 54. Ra7 Nd5+ 55. Kf3 Kg8 56. Kg3 Nf6 57. Nxf6+ gxf6 58. h5 Rd5
59. Kf4 Kg7 60. Rb7 Rg5 61. Rb8 e5+ 62. Kf3 f5 63. gxf5 Rxf5+ 64. Kg4 Rf4+ 65.
Kg3 Kf6 66. Re8 Kf5 67. Re7 Rg4+ 68. Kh3 Rg7 69. Re8 e4 70. Ra8 Kf4 71. Ra6 e3
72. Rf6+ Ke4 73. Rxh6 e2 74. Rh8 Kf3 75. Re8 Rg1 76. Kh4 f5 77. h6 f4 78. Kh5
e1=Q 0-1

[Event "2012(Zaozhuang-China) Asian Nations Chess Cup"]
[Site "ZaoZhuang, China"]
[Date "2012.05.22"]
[Round "5"]
[Board "1"]
[White "Khasanova, Flyura"]
[Black "Zhao, Xue"]
[Result "0-1"]
[WhiteElo "2318"]
[BlackElo "2549"]
[PlyCount "0"]
[EventDate "2012.05.17"]
[EventType "team"]
[EventRounds "9"]
[EventCountry "CHN"]
[WhiteTeam "Kazakhstan"]
[BlackTeam "China 1"]

1. c4 Nf6 2. Nf3 e6 3. g3 a6 4. Bg2 b5 5. b3 Bb7 6. O-O c5 7. a4 bxc4 8. bxc4
Nc6 9. Nc3 Be7 10. Ne5 Qc7 11. Nxc6 Bxc6 12. d3 Bxg2 13. Kxg2 d6 14. Bd2 O-O
15. Rb1 Nd7 16. Qb3 Rfb8 17. Qc2 Bd8 18. f3 h6 19. Ne4 f5 20. Nc3 Ne5 21. Rxb8
Rxb8 22. Rb1 Nc6 23. Kf2 Nb4 24. Qd1 Bf6 25. Kg2 Kh7 26. Qb3 Qd7 27. Qd1 d5 28.
cxd5 exd5 29. Na2 a5 30. Nc3 Re8 31. Nb5 Re7 32. d4 Nc6 33. dxc5 d4 34. Bf4 Qe6
35. Kf1 Qa2 36. Ra1 Qb2 37. Rb1 Qa2 38. Ra1 Qd5 39. Rc1 g5 40. Bd6 Re3 41. Nc7
Qf7 42. Nb5 d3 43. exd3 g4 44. d4 Rxf3+ 45. Kg1 Qd5 46. Rc2 Nxd4 47. Rd2 Bg5
48. Bf4 Rxf4 49. gxf4 Nf3+ 50. Kf2 Nxd2 51. fxg5 Ne4+ 52. Ke1 Qxc5 53. Qd7+ Kg6
54. gxh6 Qg1+ 55. Ke2 Qxh2+ 56. Ke1 Qg3+ 57. Kd1 Qf3+ 58. Ke1 Qe3+ 59. Kd1 Nf2+
60. Kc2 Qc5+ 61. Kd2 Ne4+ 62. Kd1 Kxh6 63. Qe6+ Kg5 64. Qg8+ Kf4 65. Qb8+ Kf3
66. Qh2 Nf2+ 67. Kd2 Qb4+ 68. Kc1 Nd3+ 0-1

[Event "2012(Zaozhuang-China) Asian Nations Chess Cup"]
[Site "ZaoZhuang, China"]
[Date "2012.05.22"]
[Round "5"]
[Board "2"]
[White "Ju, Wenjun"]
[Black "Dauletova, Gulmira"]
[Result "1-0"]
[WhiteElo "2529"]
[BlackElo "2278"]
[PlyCount "0"]
[EventDate "2012.05.17"]
[EventType "team"]
[EventRounds "9"]
[EventCountry "CHN"]
[WhiteTeam "China 1"]
[BlackTeam "Kazakhstan"]

1. d4 Nf6 2. c4 e6 3. Nc3 Bb4 4. e3 b6 5. Nge2 Bb7 6. a3 Be7 7. d5 O-O 8. Ng3
Re8 9. Be2 Bf8 10. O-O d6 11. e4 Nbd7 12. Bg5 c6 13. Qd2 Rc8 14. Rad1 h6 15.
Bf4 Ne5 16. Bxe5 dxe5 17. d6 Nd7 18. b4 Ra8 19. f4 Qh4 20. f5 g6 21. Qe3 Bg7
22. fxg6 fxg6 23. c5 b5 24. Nxb5 cxb5 25. Bxb5 Red8 26. c6 Bxc6 27. Bxc6 Rac8
28. b5 Nf6 29. Qb3 Kh7 30. Rd3 Rf8 31. Rdf3 Rcd8 32. Qxe6 Qg5 33. h3 Kh8 34. d7
h5 35. Qe7 Nh7 36. Rxf8+ Bxf8 37. Qe8 Kg7 38. Kh2 Nf6 39. Qe6 Bc5 40. Rf3 Ng4+
41. Kh1 Nf2+ 42. Kh2 Ng4+ 43. Kh1 Nf2+ 44. Kh2 Ng4+ 45. Kh1 Qc1+ 46. Rf1 Nf2+
47. Kh2 Qf4 48. Rc1 h4 49. Rc3 hxg3+ 50. Rxg3 Qf6 51. Qe8 Bb6 52. Bd5 Nd1 53.
Rf3 Qg5 54. Bg8 Kh6 55. Qf7 Qd2 56. Qh7+ Kg5 57. h4+ Kg4 58. Be6+ 1-0